00932cam a2200265 a 450000100100000000500170001000800410002702000150006804000290008308200190011210000400013124500570017126000480022830000200027649000280029649000150032458600400033965000280037965000320040783000460043991000340048504900090051995201230052899900150065100001009120200929161835.0930628s1992 ck 000 0 spa  a9586121089 aDO-SdBNPbspacLCdBNPHU aC862.44bD542s1 aDíaz Vargas, Henry,d1948-92507513aLa sangre más transparente /cHenry Díaz Vargas. aSantafé de Bogotá :bColcultura,c1992. a84 p. ;c21 cm.1 aPremios Nacionales '92.1 aLiteratura aPremio Nacional de Literatura 1992. 4aTeatro colombiano99025 4aLiteratura colombiana91244 0aPremios Nacionales '92.pLiteratura98678 aCatalogación por copia / LC aBNGR 001052708MOaGRbGRcCTd2009-10-03iLF1l0oC862.44 D542sp10091-10r2020-06-25w2020-06-25y2ZPréstamo interno c9850d9850